Statistics for 09栃木県の市町村(選択形式)

Click here to take the quiz!

General Stats

  • This quiz has been taken 12 times
  • The average score is 16 of 25

Answers on the Map

Answers color-coded by a green-red scale on the quiz's map according to % correct below.
 

Answer Stats

Answer% Correct
06:日光市
100%
04:佐野市
91%
11:那須塩原市
91%
01:宇都宮市
82%
05:鹿沼市
82%
07:小山市
82%
02:足利市
73%
03:栃木市
73%
10:矢板市
73%
17:茂木町
73%
21:野木町
73%
24:那須町
73%
08:真岡市
64%
13:那須烏山市
64%
14:下野市
64%
15:上三川町
64%
16:益子町
64%
20:壬生町
64%
09:大田原市
55%
12:さくら市
55%
18:市貝町
45%
22:塩谷町
45%
23:高根沢町
45%
19:芳賀町
36%
25:那珂川町
18%

Score Distribution

Percentile by Number Answered

Percent of People with Each Score

Your Score History

You have not taken this quiz